| 000 | 00651nam a2200229Ia 4500 | ||
|---|---|---|---|
| 003 | OSt | ||
| 005 | 20221007071101.0 | ||
| 006 | a|||||r|||| 00| 0 | ||
| 007 | ta | ||
| 008 | 221006b |||||||| |||| 00| 0 eng d | ||
| 024 | _a22,130 | ||
| 037 | _cTextual | ||
| 040 |
_aFLL _cFLL _beng |
||
| 041 |
_2eng _aeng |
||
| 082 | _aZ236:211:4qN131, F6 | ||
| 100 |
_aGupta Ratan Lal _9688108 |
||
| 245 | 0 | _aPunjab pre-emption act (act 1of 1913) | |
| 260 |
_aLahore _bThe University Book Agency Pakistan _c1926 |
||
| 300 |
_axii,429p _ccm. |
||
| 942 |
_hZ236:211:4qN131, F6 _cTEXL _2CC |
||
| 999 |
_c1142407 _d1142407 |
||